| 000 | 00541nam a2200229Ia 4500 | ||
|---|---|---|---|
| 005 | 20250425162738.0 | ||
| 008 | 250425s9999 xx 000 0 und d | ||
| 020 | _a1555212271 | ||
| 041 | _aeng | ||
| 082 | _a623.7 | ||
| 100 | _aOPPEL, FRANK | ||
| 245 | 0 | _aEARLY FLIGHT FROM BALLOONS TO BIPLANES | |
| 250 | _aS.E. | ||
| 260 |
_aEstados Unidos _bCASTLE _c1987 |
||
| 260 | _aNEW YORK | ||
| 300 | _a475 | ||
| 650 | _aESTRATEGIAS MILITARES | ||
| 650 | _aSIMULADOR DE VUELO | ||
| 710 | _aCASTLE | ||
| 942 | _c01 | ||
| 010 | _a104539 | ||
| 999 |
_c235563 _d235563 |
||